000 00960nam a2200241Ia 4500
003 IN-BaIIA
008 211028s9999 xx 000 0 eng d
020 _a1-886733-82-1
040 _cIIA Library
080 _a082.2:52
_bIAU-S192
111 _aSymposium of the International Astronomical Union
_n192nd
_cSouth Africa
_d1998 Sept. 7-11
_922985
245 4 _aThe stellar context of local group galaxies
_bproceedings of the 192nd symposium of the IAU held in Cape Town, South Africa, 7-11 Sept. 1998
_cedited by P. Whitelock and R. Cannon
260 _aCalifornia
_bAstronomical Society of the Pacific
_c1999
300 _axviii, 529p.
490 _aIAU symposium; no. 192
650 _aGalaxies
_91286
650 _aLocal group of galaxies
_91288
650 _aStars
700 _aCannon, R. ed.
_920816
700 _aWhitelock, P., ed.
_922986
710 _a International Astronomical Union
942 _cBK
999 _c13058
_d13058